Správa daní a poplatků po novele Úplné znění zákona s vysvětlivkami
K novele zákona o správe daní a poplatkov. Zákon ČNR č.337/1992 Zb. o správe daní a poplatkov, v znení neskorších predpisov (úplné znenie). Otázky a odpovede k novele zákona o správe daní a poplatkov.
Guardado en:
| Autor principal: | |
|---|---|
| Otros Autores: | , |
| Formato: | Capítulo de libro |
| Lenguaje: | checo |
| Materias: | |
| Etiquetas: |
Sin Etiquetas, Sea el primero en etiquetar este registro!
|
MARC
| LEADER | 00000naa a2200000 4500 | ||
|---|---|---|---|
| 001 | r024658 | ||
| 005 | 20221208130818.2 | ||
| 041 | 0 | |a cze | |
| 044 | |a CZ | ||
| 245 | 1 | 0 | |a Správa daní a poplatků po novele |b Úplné znění zákona s vysvětlivkami |c J. Klak, A. Kohoutková, Jiří Nesnídal |
| 520 | |a K novele zákona o správe daní a poplatkov. Zákon ČNR č.337/1992 Zb. o správe daní a poplatkov, v znení neskorších predpisov (úplné znenie). Otázky a odpovede k novele zákona o správe daní a poplatkov. | ||
| 610 | 2 | 0 | |a dane |
| 610 | 2 | 0 | |a poplatky |
| 610 | 2 | 0 | |a zákony |
| 610 | 2 | 0 | |a Česko |
| 610 | 2 | 0 | |a 1992 |
| 100 | 1 | |a Klak, J. | |
| 700 | 1 | |a Kohoutková, A. | |
| 700 | 1 | |a Nesnídal, Jiří | |